000 00928nam a22002417a 4500
005 20130723142356.0
008 120215s2010 ck a frb 000 0 spa d
020 _a9789584477316
041 _aspa
044 _ack
082 0 4 _a333.91
_bA678g
110 1 _aArea Metropolitana del Valle de Aburrá
_bSubdirección Ambiental
_9815
245 1 0 _aGuía metodológica para determinar módulos de consumo y factores de vertimientos de agua.
_cArea Metropolitana del Valle de Aburrá
260 _aMedellín
_bArea Metropolitana del Valle de Aburrá
_c2010
300 _a76 p.
_bil. (col.)
_c27 cm.
504 _aIncluye referencias bibliográficas y glosario.
650 1 7 _aConsumo de agua
_vGuías
_9816
650 1 7 _aUtilización del agua
_vGuías
_9817
650 1 7 _aCalidad del agua
_vGuías
_9818
650 1 7 _aAbastecimiento de agua
_vGuías
_9819
650 1 7 _aAgua
_xAspectos económicos
_vGuías
_9820
942 _2ddc
_cIMPRESO
999 _c7428
_d7428